Calculus (Record no. 1663)

000 -LEADER
fixed length control field 00343nam a22001457a 4500
008 - FIXED-LENGTH DATA ELEMENTS--GENERAL INFORMATION
fixed length control field 200128b ||||| |||| 00| 0 eng d
082 00 - DEWEY DECIMAL CLASSIFICATION NUMBER
Classification number 517
Item number P5581
100 ## - MAIN ENTRY--PERSONAL NAME
9 (RLIN) 1289
Personal name Philips, H. B.
245 10 - TITLE STATEMENT
Title Calculus
260 ## - PUBLICATION, DISTRIBUTION, ETC. (IMPRINT)
Place of publication, distribution, etc New York
Name of publisher, distributor, etc John-Wiley
Date of publication, distribution, etc 1931
300 ## - PHYSICAL DESCRIPTION
Extent v,353p.
365 ## - TRADE PRICE
Unit of pricing 9.00
650 #0 - SUBJECT ADDED ENTRY--TOPICAL TERM
Topical term or geographic name as entry element Calculus
942 ## - ADDED ENTRY ELEMENTS (KOHA)
Item type Books
Holdings
Withdrawn status Lost status Source of classification or shelving scheme Damaged status Not for loan Permanent location Current location Date acquired Source of acquisition Full call number Barcode Date last seen Koha item type
          IMU Kolkata IMU Kolkata 1953-01-22 Asian publishing house 517 P5581 01399 2020-01-28 Books
  Lost       IMU Kolkata IMU Kolkata 1953-01-22 Asian publishing house 517 P5581 01400 2020-07-22 Books
Designed and Maintained by IMU-KC Library, Kolkata Campus © Copyright All Rights Reserved

webs counters

Powered by Koha